000 00663nam a2200229Ia 4500
003 OSt
005 20221007080354.0
006 a|||||r|||| 00| 0
007 ta
008 221006b |||||||| |||| 00| 0 eng d
024 _a41,631
037 _cTextual
040 _aFLL
_cFLL
_beng
041 _2eng
_aeng
082 _aZ2,75,15, Q3
100 _aNarayana P.S.
245 0 _aCommentary on the protection of children from sexual offences act, 2012 and rules
260 _aNew Delhi
_bUniversal Law Publishing Co. India
_c2013
300 _aliv,428p
_ccm.
942 _hZ2,75,15, Q3
_cTEXL
_2CC
999 _c1159359
_d1159359